| 000 | 00492nam a2200169 a 4500 | ||
|---|---|---|---|
| 001 | 4511 | ||
| 003 | CDMR | ||
| 005 | 20130715112631.0 | ||
| 008 | 130130s1970||||||||||||||||||||||||||||d | ||
| 020 | _a8433579061 (o.c.) | ||
| 040 |
_aCDMR _bcat _cCDMR |
||
| 245 | 0 | 0 | _aEnciclopedia ilustrada del cine |
| 260 |
_aBarcelona _c1970-1975 _bLabor |
||
| 300 | _a4 v. | ||
| 505 | _aConté: 1.- A-F ; 2.- G-O ; 3.- P-Z, Vocabulario técnico ; 4.-Técnica e industrias cinematográficas | ||
| 942 |
_cMON _2udc |
||
| 999 |
_c4511 _d4511 |
||